| 000 | 004870000a22001930004500 | ||
|---|---|---|---|
| 001 | 003115 | ||
| 003 | MACL | ||
| 005 | 20150903151854.0 | ||
| 008 | 150903b xxu||||| |||| 00| 0 eng d | ||
| 040 |
_aMACL _cMACL |
||
| 041 | _aEnglish | ||
| 082 | _a808.81/PAD | ||
| 100 |
_aSachdev, Padma _98919 |
||
| 245 |
_aA Handful Of Sun And Other Poems _cPadma Sachdev |
||
| 260 |
_aNew Delhi _c2000 _bSahitya Akademi, |
||
| 350 | _a75 | ||
| 650 |
_aEnglish Poetry _96237 |
||
| 942 |
_k809 _cBK _2ddc |
||
| 999 |
_c15021 _d15021 |
||